00910nam a2200277 4500001000800000005001700008008000400025010001700029020002000046020002000066020003100086020003100117040001900148043001200167050002300179082001900202100003000221245008000251250001500331260005900346300003400405500004300439504006600482650003300548700005100581114342720150428091805.0000 a 95021065  a0340652640 (hb) a0340604786 (pb) a0470235314 (hb : USA only) a0470235306 (pb : USA only) aUOELcDLCdDLC acl-----00aHT127.5b.R62 199500a307.76/0982201 aRoberts, Bryan R.,d1939-14aThe making of citizens :bCities of peasants revisited /cBryan R. Roberts. a[2nd ed.]. aLondon :bArnold ;aNew York :bHalsted Press,cc1995. aviii, 262 p. :bmap ;c24 cm. aRev. ed. of: Cities of peasants. 1978. aIncludes bibliographical references (p. [212]-251) and index. 0aUrbanizationzLatin America.1 aRoberts, Bryan R.,d1939-tCities of peasants.